| 000 | 00470nam a22001937a 4500 | ||
|---|---|---|---|
| 003 | MPLRDC | ||
| 005 | 20220104144238.0 | ||
| 008 | 210129b ||||| |||| 00| 0 eng d | ||
| 020 | _a957-560-822-4 | ||
| 082 | _a876.6 NAPO | ||
| 100 | _a梅沱译 | ||
| 245 |
_a拿破仑的爱与死 _c |
||
| 250 | _a初版 | ||
| 260 |
_a _b九歌出版社有限公司 _c2001 |
||
| 300 | _b平 | ||
| 490 | _a九歌文库. 906 | ||
| 650 | _a法国文学 | ||
| 942 |
_cBK _o876.6 NAPO |
||
| 999 |
_c47780 _d47770 |
||